Viva Sandino

Guardat en:
Dades bibliogràfiques
Autor principal: Fonseca, Carlos
Format: Text
Idioma:Spanish
Publicat: Managua: Departamento de Propaganda y Educación Política del FSLN
Etiquetes: Afegir etiqueta
Sense etiquetes, Sigues el primer a etiquetar aquest registre!

MARC

LEADER 00000 a a2200000 04500
001 21316
003 cru CIDCACS/IIS
005 20231129143218.0
008 181218b ||||| |||| 00| 0 spa d
040 |c cru CIDCACS/IIS 
090 |a 04.04.02 F676v 
100 |a Fonseca, Carlos  
245 |a Viva Sandino  
260 |a Managua:   |b Departamento de Propaganda y Educación Política del FSLN  
300 |a 175 páginas 
942 |2 z  |c LI  |h 04.04.02 F676v  |i 12396  |6 040402_F676V_12396 
999 |c 692  |d 692